Ładuje się......
Puthiya mannu/
| 1. autor: | |
|---|---|
| Format: | Printed Book |
| Język: | English |
| Wydane: |
Thuravoor:
Sree narasimha Vilasom Book Dept.
1970.
|
| Hasła przedmiotowe: |
| LEADER | 00496 a2200145 4500 | ||
|---|---|---|---|
| 008 | 150103s9999 000 0 eng | ||
| 082 | |a 813 | ||
| 100 | |a Kanam, E.J. | ||
| 245 | |a Puthiya mannu/ | ||
| 260 | |a Thuravoor: |b Sree narasimha Vilasom Book Dept. |c 1970. | ||
| 300 | |a 170 p. | ||
| 650 | |a Malayalam fiction | ||
| 942 | |c BK | ||
| 999 | |c 305434 |d 305434 | ||
| 952 | |0 0 |1 0 |2 ddc |4 0 |6 M_813_000000000000000_KAN_PU |7 0 |9 350316 |a DRA |b DRA |c ST1 |d 2011-11-18 |g 3.25 |i 397 |l 0 |o M 813 KAN/PU |p DRA397 |r 2019-01-03 |w 2019-01-03 |y BK | ||